The principles of chemical equilibrium: with applications in chemistry and chemical engineering

محفوظ في:
التفاصيل البيبلوغرافية
المؤلف الرئيسي: Denbigh, Kenneth (مؤلف)
التنسيق: كتاب
اللغة:الإنجليزية
منشور في: Cambridge Cambridge University 1981
الطبعة:4a. ed
الموضوعات:
الوسوم: إضافة وسم
لا توجد وسوم, كن أول من يضع وسما على هذه التسجيلة!

MARC

LEADER 00000nam a2200000 a 4500
001 UCU3516
003 CL-VaPUC
008 960510e19810000UK |||||||||||||||||eng|d
082 0 4 |a 541.369  |b DEN  |2 21 
100 0 |a Denbigh, Kenneth  |e author  |9 360495 
245 1 4 |a The principles of chemical equilibrium: with applications in chemistry and chemical engineering 
250 |a 4a. ed 
300 |a 494 p 
942 |c BK 
945 |d 19960510 00:00:00  |a cmena 
260 |a Cambridge  |b Cambridge University  |c 1981 
650 0 |a Termodinámica   |9 259320 
650 7 |a PROPIEDADES TERMODINAMICAS  |2 CL-VaPUC  |9 357585 
650 0 |a Energía térmica  |9 357587 
650 7 |a EQUILIBRIOS QUIMICOS  |2 CL-VaPUC  |9 336637 
650 0 |a Química física  |9 260596 
583 |a last modification  |c 20171031 10:59:51  |k Rodrigo Vera 
999 |c 247501  |d 247499 
952 |0 0  |1 0  |4 0  |6 541_369000000000000_DEN_1981  |7 0  |8 P  |9 263464  |a BIBING  |b BIBING  |d 2019-11-19  |i 1651846  |l 2  |o 541.369 DEN 1981  |p 1651846  |r 2025-01-20  |s 2022-10-28  |w 2019-11-19  |y BK  |k EIQ 
952 |0 0  |1 0  |4 0  |6 541_369000000000000_DEN_1981  |7 0  |8 A  |9 263465  |a BIBCUR  |b BIBCUR  |d 2019-11-19  |i 1788191  |o 541.369 DEN 1981  |p 1788191  |r 2025-04-22  |w 2019-11-19  |y BK  |k QUI